00840nam a2200217 i 4500001000300000245016100003260004300164300004100207504003600248650002600284655003000310700003100340700003100371700002200402020001500424040000800439041000700447080002900454008004100483856009800524bg00aBiochemia kręgowców :bpraca zbiorowa /cpod red. Wacława Minakowskiego i Stanisława Weidnera ; [w nowym oprac. brali udział Krzysztof Kulka et al.]. aWarszawa :bWydaw. Naukowe PWN,c1998. a927, [1] s. :brys., wykr. ;c25 cm. aBibliogr. przy rozdz. - Indeks. 9aKręgowcexbiochemia aPodręczniki akademickie1 aMINAKOWSKI, Wacław.eRed.1 aWEIDNER, Stanisław.eRed.1 aKULKA, Krzysztof. a8301126043 cBPK0 apl a597/599-11::577.1(075.8) s pl f |000 0 pol  uhttp://koha.tu.koszalin.pl/cgi-bin/koha/opac-detail.pl?biblionumber=39091yKatalog online BPK